000 00462nam a2200205Ia 4500
001 12975
003 GE_BSU
008 181216s||||||||xx |||||||||||||| ||und||
020 _a0380724332
040 _cGE_BSU
080 _a821.111-32.1
100 _aJance J.A; Mustery Brady Joanna A.
245 _aSkeleton Canyon.
260 _aNew York.
260 _bAvon Books.
260 _c1997
300 _a387p;18cm.
653 _aSkeleton Canyon.
942 _cBK
999 _c46143
_d46143